LEADER 01481oam 2200445I 450 001 9910698629603321 005 20150915082737.0 035 $a(CKB)5470000002436351 035 $a(OCoLC)882365565 035 $a(EXLCZ)995470000002436351 100 $a20140701d1910 ua 0 101 0 $aeng 135 $aurbn||||||||| 181 $ctxt$2rdacontent 182 $cc$2rdamedia 183 $acr$2rdacarrier 200 12$aA reconnaissance of the gypsum deposits of California /$fby Frank L. Hess, with a note on errors in the chemical analysis of gypsum by George Steiger 210 1$aWashington, D.C. :$cDepartment of the Interior, United States Geological Survey,$d1910. 210 2$aWashington :$cGovernment Printing Office. 215 $a1 online resource (37 pages, IV pages of plates) $cillustrations, map 225 1 $aGeological Survey bulletin ;$v413 300 $aTitle from title screen (viewed June 30, 2014). 320 $aIncludes bibliographical references. 606 $aGypsum 606 $aGypsum$2fast 615 0$aGypsum. 615 7$aGypsum. 700 $aHess$b Frank Lee$f1871-1955,$01403102 702 $aSteiger$b George 712 02$aGeological Survey (U.S.), 801 0$bCOP 801 1$bCOP 801 2$bOCLCO 801 2$bOCLCF 801 2$bOCLCA 801 2$bGPO 906 $aBOOK 912 $a9910698629603321 996 $aA reconnaissance of the gypsum deposits of California$93490100 997 $aUNINA LEADER 03119oam 2200697Ia 450 001 9910781829003321 005 20190503073343.0 010 $a1-282-09948-5 010 $a9786612099489 010 $a0-262-26912-0 010 $a1-4356-4075-6 024 8 $a9786612099489 035 $a(CKB)1000000000485841 035 $a(EBL)3338784 035 $a(OCoLC)221648177 035 $a(SSID)ssj0000156873 035 $a(PQKBManifestationID)11137055 035 $a(PQKBTitleCode)TC0000156873 035 $a(PQKBWorkID)10131199 035 $a(PQKB)11554963 035 $a(StDuBDS)EDZ0000130741 035 $a(MiAaPQ)EBC3338784 035 $a(OCoLC)221648177$z(OCoLC)432428653$z(OCoLC)648358819$z(OCoLC)663422200$z(OCoLC)779919517$z(OCoLC)815786503$z(OCoLC)1038392796$z(OCoLC)1058153630 035 $a(OCoLC-P)221648177 035 $a(MaCbMITP)7750 035 $a(Au-PeEL)EBL3338784 035 $a(CaPaEBR)ebr10218516 035 $a(CaONFJC)MIL209948 035 $a(EXLCZ)991000000000485841 100 $a20080409d2008 uy 0 101 0 $aeng 135 $aurcn||||||||| 181 $ctxt 182 $cc 183 $acr 200 00$aForeign direct investment and the multinational enterprise /$fedited by Steven Brakman and Harry Garretsen 210 $aCambridge, MA $cMIT Press$d2008 215 $a1 online resource (304 p.) 225 1 $aCESifo seminar series 300 $aDescription based upon print version of record. 311 $a0-262-02645-7 320 $aIncludes bibliographical references and index. 327 $aContents; Contributors; Series Foreword; 1 Foreign Direct Investment and the Multinational Enterprise: An Introduction; I Theory; 2 Trade Costs and Foreign Direct Investment; 3 Investment Liberalization and the Geography of Firm Location; 4 Outsourcing, Contracts, and Innovation Networks; 5 Agglomeration and Government Spending; 6 Transfer Pricing and Enforcement Policy in Oligopolistic Markets; 7 Gains from Trade and Fragmentation; II Empirics; 8 Spacey Parents: Spatial Autoregressive Patterns in Inbound FDI; 9 Do Italian Firms Improve Their Performance at Home by Investing Abroad? 327 $a10 Is Human Capital Losing from Outsourcing? Evidence for Austria and Poland 11 Is It Strategic to Attract the Service Activities of Multinational Firms? Some Empirical Evidence; Index 330 $aTop economists examine one of the key forces in globalization from a wide range of theoretical and empirical perspectives. 410 0$aCESifo seminar series. 606 $aInvestments, Foreign 606 $aInternational business enterprises 610 $aECONOMICS/Trade & Development 610 $aECONOMICS/Political Economy 615 0$aInvestments, Foreign. 615 0$aInternational business enterprises. 676 $a332.67/214 701 $aBrakman$b Steven$0125028 701 $aGarretsen$b Harry$0124529 801 0$bOCoLC-P 801 1$bOCoLC-P 906 $aBOOK 912 $a9910781829003321 996 $aForeign direct investment and the multinational enterprise$93683430 997 $aUNINA